[Event "aston294 tour"]
[Site "SchemingMind.com"]
[Date "2009.10.13"]
[Round "-"]
[White "aston294"]
[Black "spoke"]
[Result "0-1"]
[WhiteCountry "ENG"]
[BlackCountry "GER"]
[WhiteElo "1174"]
[WhiteRD "82"]
[BlackElo "1771"]
[BlackRD "60"]
[GameID "222963"]

1. d4 d5 2. Nc3 e6 3. Nf3 Nf6 4. Ne5 c5 5. dxc5 Bxc5 6. Bg5 h6 7. Bf4 O-O 8. Nd3 Bd6 9. e3 Nc6 10. Be2 e5
11. Nxe5 Bxe5 12. Bxe5 Nxe5 13. f4 Nc4 14. Qxd5 Nxd5 15. O-O Nxc3 16. bxc3 Nxe3 17. Rf3 Qd2 18. Bb5 Qxg2#
0-1

[Event "aston294 tour"]
[Site "SchemingMind.com"]
[Date "2009.10.13"]
[Round "-"]
[White "spoke"]
[Black "aston294"]
[Result "1-0"]
[WhiteCountry "GER"]
[BlackCountry "ENG"]
[WhiteElo "1771"]
[WhiteRD "60"]
[BlackElo "1174"]
[BlackRD "82"]
[GameID "222973"]

1. e4 e5 2. Nf3 Nc6 3. Bc4 Nf6 4. Ng5 h6 5. Nxf7 Qe7 6. Nxh8 Nxe4 7. Qh5+ g6 8. Qxg6+ Kd8 9. Nf7+ Ke8 10. Nxh6+ Kd8
11. Nf7+ Ke8 12. Nd6+ Kd8 13. Nxc8 Rxc8 14. Qxe4 Nb4 15. Nc3 Nxc2+ 16. Qxc2 d6 17. d3 Qh4 18. Ne4 c5 19. Bg5+ Qxg5 20. Nxg5 Bh6
21. Nf7+ Ke8 22. Nxh6
1-0

[Event "aston294 tour"]
[Site "SchemingMind.com"]
[Date "2009.10.16"]
[Round "-"]
[White "Keith Kelchner"]
[Black "lemmie"]
[Result "1-0"]
[WhiteCountry "USA"]
[BlackCountry "NED"]
[WhiteElo "1681"]
[WhiteRD "90"]
[BlackElo "1633"]
[BlackRD "49"]
[GameID "223213"]

1. e4 e5 2. Bc4 Nf6 3. Qf3 Nc6 4. c3 d6 5. h3 a6 6. d3 Be7 7. Ne2 Bd7 8. Be3 h6 9. Qg3 Nh5 10. Qf3 Nf6
11. O-O Na5 12. Bd5 c6 13. Bb3 Nxb3 14. axb3 O-O 15. Na3 c5 16. Qg3 Nh5 17. Qf3 Nf6 18. Ng3 b5 19. Nf5 Bxf5 20. Qxf5 Nh7
21. Nc2 Bg5 22. d4 cxd4 23. cxd4 Bxe3 24. Nxe3 exd4 25. Nd5 Re8 26. Qf4 Re5 27. Nb4 a5 28. Nc6 Qe8 29. Nxe5 dxe5 30. Qd2 b4
31. f3 Nf6 32. Rfc1 Nh5 33. Rc5 Nf4 34. Rcxa5 Rxa5 35. Rxa5 f6 36. Qxb4 Qc6 37. Qc4+ Qxc4 38. bxc4 d3 39. Ra1 Kf7 40. Rd1 Ke6
41. Kf2 g5 42. Rh1 h5 43. g3 Ne2 44. Rd1 Nd4 45. Rxd3 Kd6 46. b4 Kc6 47. g4 h4 48. Ke3 Nc2+ 49. Kd2 Nxb4 50. Rb3 Kc5
51. Ra3 Kxc4 52. Ra8 Kd4 53. Rf8 Nd3 54. Rd8+
1-0

[Event "aston294 tour"]
[Site "SchemingMind.com"]
[Date "2009.10.16"]
[Round "-"]
[White "lemmie"]
[Black "Keith Kelchner"]
[Result "1-0"]
[WhiteCountry "NED"]
[BlackCountry "USA"]
[WhiteElo "1617"]
[WhiteRD "52"]
[BlackElo "1655"]
[BlackRD "90"]
[GameID "223220"]

1. e4 e5 2. Nf3 d6 3. Bc4 Nf6 4. Nc3 Nc6 5. h3 Bd7 6. d3 Be7 7. Be3 h6 8. a3 a6 9. O-O Na5 10. Ba2 Bc6
11. b4 Bb5 12. bxa5 Bd7 13. Nh2 c6 14. f4 exf4 15. Bxf4 O-O 16. Ne2 Qxa5 17. Bd2 Qb6+ 18. Kh1 d5 19. e5 Nh7 20. c3 Bxa3
21. d4 Be7 22. Rb1 Qd8 23. Rxb7 Bg5 24. Nf3 Bxd2 25. Qxd2 Bc8 26. Rbb1 Ng5 27. Nxg5 Qxg5 28. Qxg5 hxg5 29. Rb6 Bd7 30. Ng3 a5
31. Nf5 Kh8 32. Nd6 f6 33. exf6 Rxf6 34. Rxf6
1-0

[Event "aston294 tour"]
[Site "SchemingMind.com"]
[Date "2009.10.17"]
[Round "-"]
[White "MOIMOI"]
[Black "xuricat"]
[Result "0-1"]
[WhiteCountry "POL"]
[BlackCountry "ESP"]
[WhiteElo "1604"]
[WhiteRD "57"]
[BlackElo "1873"]
[BlackRD "143"]
[GameID "223322"]

1. Nf3 Nf6 2. g3 g6 3. b3 Bg7 4. Bb2 c5 5. Bg2 Nc6 6. O-O O-O 7. Nc3 d5 8. e3 e5 9. d3 Bg4 10. h3 Bxf3
11. Bxf3 Re8 12. Ne2 e4 13. dxe4 Nxe4 14. Bxg7 Kxg7 15. Bxe4 dxe4 16. Qc1 Ne5 17. Qb2 Qf6 18. Qc3 Nf3+ 19. Kg2 Re5 20. Rad1 h5
21. Nf4 Rd8 22. Qa5 Rxd1 23. Rxd1 a6 24. Rd7 Qc6 25. Rc7 Qd6 26. Rxb7 Qd1 27. Rxf7+ Kxf7 28. Ne2 Qxe2 29. g4 Qd1 30. Kg3 h4+
31. Kf4 g5#
0-1

[Event "aston294 tour"]
[Site "SchemingMind.com"]
[Date "2009.10.17"]
[Round "-"]
[White "xuricat"]
[Black "MOIMOI"]
[Result "1-0"]
[WhiteCountry "ESP"]
[BlackCountry "POL"]
[WhiteElo "1873"]
[WhiteRD "143"]
[BlackElo "1604"]
[BlackRD "57"]
[GameID "223331"]

1. e4 e5 2. Nf3 Nc6 3. Bb5 d6 4. d4 Bd7 5. O-O Nf6 6. Bg5 Be7 7. Nc3 h6 8. Bh4 Ng4 9. Bg3 g5 10. h3 Nf6
11. dxe5 dxe5 12. Bxc6 bxc6 13. Nxe5 h5 14. Nxd7 Nxd7 15. Qe2 f6 16. Rad1 Qc8 17. e5 f5 18. Rfe1 Qb7 19. e6 Nf6 20. Be5 Rd8
21. b3 Rh7 22. Rxd8+ Bxd8 23. Qd3 g4 24. Qxf5 Rh6 25. Qg5 Rh7 26. Bxf6 Rh8 27. Qg6+
1-0

[Event "aston294 tour"]
[Site "SchemingMind.com"]
[Date "2009.10.19"]
[Round "-"]
[White "tyler_ensor"]
[Black "Gammon"]
[Result "1-0"]
[WhiteCountry "CAN"]
[BlackCountry "USA"]
[WhiteElo "1779"]
[WhiteRD "70"]
[BlackElo "1394"]
[BlackRD "49"]
[GameID "223523"]

1. c4 e5 2. b3 c5 3. Bb2 d6 4. g3 Nf6 5. Bg2 Be7 6. Nc3 a6 7. e3 O-O 8. Nge2 Nc6 9. O-O d5 10. Nxd5 Bg4
11. Nxe7+ Qxe7 12. h3 Be6 13. f4 Rad8 14. fxe5 Nd7 15. d4 f6 16. exf6 Nxf6 17. Qc2 Rf7 18. d5 Nb4 19. Qc3 Bc8 20. a3 Ne4
21. Bxe4 Qxe4 22. Rxf7 Kxf7 23. axb4 Qg6 24. Rf1+ Kg8 25. Kg2
1-0

[Event "aston294 tour"]
[Site "SchemingMind.com"]
[Date "2009.10.19"]
[Round "-"]
[White "Gammon"]
[Black "tyler_ensor"]
[Result "0-1"]
[WhiteCountry "USA"]
[BlackCountry "CAN"]
[WhiteElo "1394"]
[WhiteRD "49"]
[BlackElo "1779"]
[BlackRD "70"]
[GameID "223529"]

1. c4 Nf6 2. Nc3 e6 3. e4 d5 4. e5 d4 5. Nb1 Nfd7 6. Nf3 c5 7. d3 Nc6 8. Be2 Ndxe5 9. Nbd2 Bd6 10. Ne4 b6
11. O-O Bb7 12. Bf4 Nxf3+ 13. Bxf3 Bxf4 14. g3 Bh6 15. a3 O-O 16. Rb1 Qc7 17. b4 cxb4 18. axb4 Rfd8 19. b5 Ne5 20. Bh5 g6
21. f4 Nd7 22. h4 Bxe4 23. dxe4 gxh5 24. Qxd4 Nc5 25. Qf6 Bg7 26. Qg5 Nxe4
0-1

[Event "aston294 tour"]
[Site "SchemingMind.com"]
[Date "2009.10.20"]
[Round "-"]
[White "jl1234"]
[Black "Lazaro"]
[Result "0-1"]
[WhiteCountry "POL"]
[BlackCountry "CUB"]
[WhiteElo "1791"]
[WhiteRD "77"]
[BlackElo "1482"]
[BlackRD "97"]
[GameID "223642"]

1. b4 e5 2. Bb2 Bxb4 3. Bxe5 Nf6 4. c3 Be7 5. h3 d6 6. Bh2 O-O 7. e3 Nc6 8. Be2 Bf5 9. d3 d5 10. Qb3 Bd6
11. Nf3 Bxh2 12. Nxh2 Ne5= 13. Qd1 h6 14. f4 Ng6 15. g4 Bd7 16. Nf3 Re8 17. Kf2 Bxg4 18. hxg4 Nxg4+ 19. Kg3 Nxe3 20. Qa4 b5
21. Qb3 Nf5+ 22. Kf2 Nxf4 23. Bf1 Qe7
0-1

[Event "aston294 tour"]
[Site "SchemingMind.com"]
[Date "2009.10.20"]
[Round "-"]
[White "Lazaro"]
[Black "jl1234"]
[Result "1/2-1/2"]
[WhiteCountry "CUB"]
[BlackCountry "POL"]
[WhiteElo "1604"]
[WhiteRD "97"]
[BlackElo "1798"]
[BlackRD "75"]
[GameID "223649"]

1. e4 e5 2. Nf3 d6 3. d4 Bg4 4. dxe5 Bxf3 5. Qxf3 dxe5 6. Bc4 Nf6 7. Qb3 Qe7 8. Qxb7 Qb4+ 9. Qxb4 Bxb4+ 10. c3 Ba5
11. O-O O-O 12. Re1 Nfd7 13. a4 c6 14. Nd2= Bd8 15. Nf3 h6 16. b3 Bc7 17. Ba3 Re8 18. Rad1 Nb6 19. Bf1 a5 20. Bd6 Bxd6
21. Rxd6 Nc8 22. Rd2 f6 23. Bc4+ Kh7 24. Red1 Nb6 25. Bf7 Rf8 26. Be6 Ra7 27. Rd8 Rxd8 28. Rxd8 N8d7 29. Nh4 g6 30. Kf1 Nc5
31. Bg8+ Kg7 32. f3 Ra8 33. Rxa8 Nxa8 34. Bc4 Nb6 35. b4 Nxc4 36. bxc5 Nb2 37. Ke2 Nxa4 38. Kd3 Nxc5+ 39. Kc4 Na4 40. Kb3 Nb6
41. g3 c5 42. Ka3 Kf7 43. Kb3 h5 44. Ka3 c4 45. h3 Kg7 46. g4 Kh6 47. Ng2 Kg5 48. h4+ Kh6 49. Ne3 hxg4 50. fxg4 f5
51. exf5 gxf5 52. Nxf5+ Kg6 53. Ne3 Kf6 54. Kb2 e4 55. Ka3 Ke6 56. Ka2 Nd5 57. Nxc4 Nxc3+=
1/2-1/2

[Event "aston294 tour"]
[Site "SchemingMind.com"]
[Date "2009.10.23"]
[Round "-"]
[White "mmccaffe"]
[Black "joshuadee"]
[Result "1-0"]
[WhiteCountry "USA"]
[BlackCountry "USA"]
[WhiteElo "1689"]
[WhiteRD "58"]
[BlackElo "1451"]
[BlackRD "147"]
[GameID "223855"]

1. e4 e5 2. Nf3 Nc6 3. Bb5 a6 4. Ba4 b5 5. Bb3 Bc5 6. Nxe5 Nxe5 7. d4 Bd6 8. dxe5 Bxe5 9. O-O Nf6 10. f4 Bd4+
11. Qxd4
1-0

[Event "aston294 tour"]
[Site "SchemingMind.com"]
[Date "2009.10.27"]
[Round "-"]
[White "APB"]
[Black "Carl Lenox"]
[Result "0-1"]
[WhiteCountry "ENG"]
[BlackCountry "CAN"]
[WhiteElo "1535"]
[WhiteRD "61"]
[BlackElo "1383"]
[BlackRD "64"]
[GameID "224465"]

1. e4 c5 2. d4 cxd4 3. c3 dxc3 4. Nxc3 Nc6 5. Nf3 d6 6. Bc4 e6 7. Nb5 a6 8. Nc3 Nf6 9. e5 dxe5 10. Qxd8+ Nxd8
11. Nxe5 Bc5 12. O-O O-O 13. Na4 Bd4 14. Be3 Bxe5 15. Nb6 Rb8 16. Rab1 Ng4 17. g3 Bd6 18. Bf4 e5 19. Rbd1 Bf5 20. Rxd6 Nc6
21. Bd2 Nd4 22. f3 Nf6 23. g4 Be6 24. Bxe6 Nxe6 25. Bc3 Rfd8 26. Bxe5 Nc5 27. Bxf6 Rxd6
0-1

[Event "aston294 tour"]
[Site "SchemingMind.com"]
[Date "2009.10.27"]
[Round "-"]
[White "Carl Lenox"]
[Black "APB"]
[Result "1-0"]
[WhiteCountry "CAN"]
[BlackCountry "ENG"]
[WhiteElo "1383"]
[WhiteRD "64"]
[BlackElo "1535"]
[BlackRD "61"]
[GameID "224474"]

1. e4 e5 2. Nf3 Nc6 3. Bb5 Nge7 4. O-O a6 5. Ba4 b5 6. Bb3 d5 7. exd5 Nxd5 8. Re1 Bd6 9. Bxd5 Qd7 10. Nc3 Rb8
11. d3 Nb4 12. a3 Nxd5 13. Nxd5 O-O 14. Bg5 h6 15. Nxe5 Bxe5 16. Ne7+ Kh8 17. Rxe5 Re8 18. Rd5 Qe6 19. Bh4 g5 20. Bxg5 Rxe7
21. Rd8+ Re8 22. Rxe8+ Qxe8 23. Qh5 Qg8 24. Qxh6+ Qh7 25. Bf6+ Kg8 26. Qg5+ Kf8 27. Re1 Be6 28. Qc5+
1-0

[Event "aston294 tour"]
[Site "SchemingMind.com"]
[Date "2009.11.02"]
[Round "-"]
[White "Eden"]
[Black "nammy"]
[Result "1-0"]
[WhiteCountry "CZE"]
[BlackCountry "ENG"]
[WhiteElo "1411"]
[WhiteRD "76"]
[BlackElo "875"]
[BlackRD "61"]
[GameID "224634"]

1. e4 e6 2. c4 Nf6 3. d3 c6 4. a3 d5 5. Qf3 h5 6. Bg5 b5 7. Nc3 Na6 8. e5 Nc5 9. exf6 gxf6 10. Bxf6 Qd7
11. Bxh8 Ba6 12. Qxh5 Qd6 13. Nf3 bxc4 14. Ne5 Bb7 15. Nxf7 Qc7 16. Nd6+ Ke7 17. Be5 Nb3 18. Qf7+ Kd8 19. Qe8#
1-0

[Event "aston294 tour"]
[Site "SchemingMind.com"]
[Date "2009.11.02"]
[Round "-"]
[White "nammy"]
[Black "Eden"]
[Result "0-1"]
[WhiteCountry "ENG"]
[BlackCountry "CZE"]
[WhiteElo "875"]
[WhiteRD "61"]
[BlackElo "1411"]
[BlackRD "76"]
[GameID "224638"]

1. e4 e5 2. Nf3 Qf6 3. Be2 b6 4. d3 h6 5. d4 Bd6 6. Na3 Bb7 7. g3 Bxe4 8. Rg1 Bxf3 9. Nc4 Bxe2 10. Qxe2 Nc6
11. Ne3 Nxd4 12. Qd3 c6 13. Nd1 Nf3+ 14. Kf1 Nxg1 15. Kxg1 Bc5 16. a3 a5 17. Rb1 d5 18. Qd2 Ne7 19. Qd3 e4 20. Qe2 O-O-O
21. Qg4+ Kb7 22. c3 g6 23. b4 axb4 24. cxb4 Bd4 25. Qe2 h5 26. Bd2 h4 27. Rc1 hxg3 28. hxg3 Nf5 29. a4 Nxg3 30. Qg4 Nh1
31. Qe2 Rh3 32. Qg4 Nxf2 33. Qg2 Nxd1+ 34. Be3 Bxe3+ 35. Qf2 Qxf2#
0-1

[Event "aston294 tour"]
[Site "SchemingMind.com"]
[Date "2009.10.29"]
[Round "-"]
[White "NimbleKnight"]
[Black "Jonno"]
[Result "1-0"]
[WhiteCountry "USA"]
[BlackCountry "ENG"]
[WhiteElo "1926"]
[WhiteRD "122"]
[BlackElo "1379"]
[BlackRD "99"]
[GameID "224734"]

1. e4 e5 2. Nf3 Nc6 3. Bb5 Bb4 4. O-O Nf6 5. c3 Bc5 6. d4 Bd6 7. Bxc6 bxc6 8. dxe5 Nxe4 9. exd6 cxd6 10. Re1 d5
11. Nfd2 f5 12. f3 O-O 13. fxe4 Ba6 14. exd5 Bb7 15. dxc6 Bxc6 16. Nf3 Qb6+ 17. Kh1 Rfe8 18. Rxe8+ Rxe8 19. Nbd2 Qb5 20. Qb3+ d5
21. Qxb5 Bxb5 22. Nb3 Be2 23. Nbd4 h6 24. Nxe2 Rxe2 25. Bd2
1-0

[Event "aston294 tour"]
[Site "SchemingMind.com"]
[Date "2009.10.29"]
[Round "-"]
[White "Jonno"]
[Black "NimbleKnight"]
[Result "0-1"]
[WhiteCountry "ENG"]
[BlackCountry "USA"]
[WhiteElo "1183"]
[WhiteRD "76"]
[BlackElo "1900"]
[BlackRD "126"]
[GameID "224739"]

1. e4 e6 2. d4 d5 3. Nc3 Bb4 4. e5 c5 5. a3 Bxc3+ 6. bxc3 Ne7 7. Qg4 O-O 8. Bd3 Nbc6 9. Nf3 f5 10. Qh4 Qa5
11. Bd2 c4 12. Ng5 h6
0-1

[Event "aston294 tour"]
[Site "SchemingMind.com"]
[Date "2009.10.30"]
[Round "-"]
[White "leroyvance"]
[Black "waldron"]
[Result "1-0"]
[WhiteCountry "USA"]
[BlackCountry "USA"]
[WhiteElo "1747"]
[WhiteRD "104"]
[BlackElo "2088"]
[BlackRD "73"]
[GameID "224882"]

1. e4 c6 2. d4 d5 3. Nc3 dxe4 4. Nxe4 Bf5 5. Ng3 Bg6 6. h4 h6 7. h5 Bh7 8. Nf3 Nd7 9. Bd3 Bxd3 10. Qxd3 e6
11. Bf4 Qa5+ 12. Bd2 Bb4 13. Ne4 Ngf6 14. c3
1-0

[Event "aston294 tour"]
[Site "SchemingMind.com"]
[Date "2009.10.30"]
[Round "-"]
[White "Matt Woodside"]
[Black "BigDaddy"]
[Result "1/2-1/2"]
[WhiteCountry "USA"]
[BlackCountry "AUT"]
[WhiteElo "1288"]
[WhiteRD "89"]
[BlackElo "1336"]
[BlackRD "50"]
[GameID "224883"]

1. e4 c5 2. d3 Nc6 3. Nc3 e6 4. Nb5 a6 5. Nc3 Nf6 6. Bg5 Be7 7. Bxf6 Bxf6 8. Nh3 Bxc3+ 9. bxc3 O-O 10. Nf4 d5
11. Rb1 c4 12. dxc4 dxc4 13. Bxc4 Qxd1+ 14. Rxd1 e5 15. Nd5 b5 16. Be2 Rd8 17. c4 Be6 18. Nc7 Rxd1+ 19. Bxd1 Rd8 20. cxb5 axb5
21. Nxb5 Bxa2 22. Nc3 Bc4 23. g3 Nd4 24. f4 Ra8 25. fxe5 Ra3 26. Ne2 Nf3+ 27. Kf2 Nd2 28. c3 Nxe4+ 29. Kg2 Bd5 30. Rf1 Ng5+
31. Kf2 Nh3+ 32. Ke3 Ng5 33. Kd4 Bf3 34. h4 Ne6+ 35. Ke3 Bxe2 36. Bxe2 Rxc3+ 37. Kf2 Rc5 38. Rb1 h6 39. Bd3 g6 40. Re1 h5
41. Kf3 Rd5 42. Ba6 Nd4+ 43. Ke4 Ra5 44. Bc4 Nc6 45. Rf1 Rxe5+ 46. Kd3 Nb4+ 47. Kd4 Nc6+ 48. Kc3 Re3+ 49. Kd2 Rxg3 50. Bxf7+ Kg7
51. Bd5 Ne5 52. Ke2 Rd3 53. Be4 Rd4 54. Rf4 Nc4 55. Kf3 Nd6 56. Bc2 Rxf4+ 57. Kxf4 Kh6 58. Bd3 Nf7 59. Be2 g5+ 60. hxg5+ Kg6
61. Bxh5+ Kxh5 62. g6 Kxg6
1/2-1/2

[Event "aston294 tour"]
[Site "SchemingMind.com"]
[Date "2009.10.30"]
[Round "-"]
[White "waldron"]
[Black "leroyvance"]
[Result "0-1"]
[WhiteCountry "USA"]
[BlackCountry "USA"]
[WhiteElo "2052"]
[WhiteRD "77"]
[BlackElo "1798"]
[BlackRD "107"]
[GameID "224890"]

1. c4 g6 2. g3 Bg7 3. Bg2 Nf6 4. Nc3 c5 5. d3 Nc6 6. e4 O-O 7. Nge2 d6 8. O-O a6 9. h3 Rb8 10. a4 Ne8
11. Be3 Nc7 12. d4 cxd4 13. Nxd4 Ne6 14. Nb3 Ne5 15. Qe2 b6 16. f4 Nd7 17. Qc2 Bb7 18. Rad1 Qc8
0-1

[Event "aston294 tour"]
[Site "SchemingMind.com"]
[Date "2009.10.30"]
[Round "-"]
[White "BigDaddy"]
[Black "Matt Woodside"]
[Result "0-1"]
[WhiteCountry "AUT"]
[BlackCountry "USA"]
[WhiteElo "1331"]
[WhiteRD "51"]
[BlackElo "1278"]
[BlackRD "90"]
[GameID "224891"]

1. e4 e5 2. Nf3 Nf6 3. Nxe5 d6 4. Nf3 Nxe4 5. Qe2 Qe7 6. d3 Nc5 7. Qxe7+ Bxe7 8. Be3 Bg4 9. Bxc5 Bxf3 10. gxf3 Na6
11. Bd4 Bf6 12. Bxf6 gxf6 13. Nc3 Nb4 14. O-O-O O-O-O 15. Kb1 Rhg8 16. Bh3+ Kb8 17. Rhg1 Rge8 18. Rge1 Re5 19. f4 Rh5 20. Re3 c5
21. a3 Nc6 22. Nd5 Rxd5 23. Bg2 Rh5 24. Rh3 Rf5 25. Bxc6 bxc6 26. Rxh7 Rxf4 27. Rxf7 Rxf2 28. Re1 Rc8 29. Ree7 Rxh2 30. Rxa7 Re8
31. Rab7+ Ka8 32. Ra7+ Kb8 33. Rfb7+ Kc8 34. Rc7+ Kb8 35. Rd7 d5 36. Ra6 Rh1+ 37. Ka2 Rh2 38. Rc7 Kxc7 39. a4 Kb7 40. Ra5 Rxc2
0-1

[Event "aston294 tour"]
[Site "SchemingMind.com"]
[Date "2009.11.03"]
[Round "-"]
[White "memet"]
[Black "maro"]
[Result "1-0"]
[WhiteCountry "TUR"]
[BlackCountry "MEX"]
[WhiteElo "1808"]
[WhiteRD "102"]
[BlackElo "1327"]
[BlackRD "48"]
[GameID "225243"]

1. e4 Nc6 2. Nf3 e5 3. Bc4 Bc5 4. c3 Nf6 5. d4 exd4 6. cxd4 Nxd4 7. Nxd4 Nxe4 8. Bxf7+ Kxf7 9. Qh5+ g6 10. Qd5+ Kg7
11. f3 Bb4+ 12. Bd2 Nxd2 13. Nxd2 Bxd2+ 14. Kxd2 a5 15. Rae1 Ra6 16. Re4 Rd6 17. Qe5+ Rf6 18. Rhe1 Re8 19. Qxe8 Qxe8 20. Rxe8
1-0

[Event "aston294 tour"]
[Site "SchemingMind.com"]
[Date "2009.11.03"]
[Round "-"]
[White "maro"]
[Black "memet"]
[Result "0-1"]
[WhiteCountry "MEX"]
[BlackCountry "TUR"]
[WhiteElo "1327"]
[WhiteRD "48"]
[BlackElo "1808"]
[BlackRD "102"]
[GameID "225246"]

1. c4 Nf6 2. d4 d5 3. c5 Nc6 4. Nf3 b6 5. cxb6 cxb6 6. e3 Qd6 7. Qc2 Bg4 8. Be2 Rc8 9. Nc3 e5 10. dxe5 Nxe5
11. Bb5+ Nfd7 12. Nxe5 Qxe5 13. O-O Bd6 14. g3 Bh3 15. Re1 Qf6 16. Qa4 Qf3 17. Bxd7+ Bxd7 18. Qd1 Qf5 19. Nxd5 Bc6 20. e4 Qh3
21. e5 Bc5 22. Nf6+ gxf6 23. exf6+ Kf8
0-1

[Event "aston294 tour"]
[Site "SchemingMind.com"]
[Date "2009.11.09"]
[Round "-"]
[White "Manfred Kraut"]
[Black "rampichino"]
[Result "0-1"]
[WhiteCountry "GER"]
[BlackCountry "ITA"]
[WhiteElo "1365"]
[WhiteRD "72"]
[BlackElo "1477"]
[BlackRD "76"]
[GameID "225351"]

1. d4 d5 2. Nf3 Nf6 3. e3 Bf5 4. Bd3 Bxd3 5. Qxd3 c6 6. O-O e6 7. c4 Be7 8. Nbd2 Nbd7 9. c5 O-O 10. e4 dxe4
11. Nxe4 Nxe4 12. Qxe4 Nf6 13. Qc2 Nd5 14. Re1 Qc7 15. Bg5 Rfd8 16. Bxe7 Qxe7 17. a3 Qc7 18. Ng5 g6 19. Qe4 Qe7 20. Qh4 f5
21. f4 Nc7 22. Re2 Qf6 23. Qxh7+ Kf8 24. Qxc7 Rxd4 25. Rxe6 Qg7 26. Nh7+ Kg8 27. Re7 Qh8 28. Rae1 Re4 29. R1xe4 fxe4 30. Qxb7 Qd4+
31. Kf1 Qd1+ 32. Kf2 Qd2+ 33. Kg3 Qe3+ 34. Kg4 Qe2+ 35. Kg5 Qh5+ 36. Kf6 Qf5#
0-1

[Event "aston294 tour"]
[Site "SchemingMind.com"]
[Date "2009.11.09"]
[Round "-"]
[White "Clive Everill"]
[Black "simon_w"]
[Result "0-1"]
[WhiteCountry "CZE"]
[BlackCountry "IRL"]
[WhiteElo "1669"]
[WhiteRD "49"]
[BlackElo "1901"]
[BlackRD "70"]
[GameID "225352"]

1. e4 c5 2. Nf3 d6 3. c3 Nf6 4. Bc4 Nc6 5. d4 cxd4 6. cxd4 Nxe4 7. Qb3 d5 8. Bxd5 Nd6 9. O-O Bd7 10. Be3 e6
11. Bxc6 Bxc6 12. Ne5 Bd5 13. Qa4+ Ke7 14. Nc3 f6 15. Nxd5+ exd5 16. Ng4 h5 17. Nxf6 gxf6 18. Qb3 Nf5 19. Rfe1 Kf7 20. Qxb7+ Ne7
21. b3 Bg7 22. Bf4 Re8 23. Rac1 Kg8 24. Qa6 Ng6 25. Rxe8+ Qxe8 26. Bd2 Qe4 27. Qb7 Re8 28. g3 Re7 29. Qb4 Qf3 30. Rc3 Qe2
31. Kg2 Qe4+ 32. Kg1 Qf5 33. Be3 Kh7 34. a4 Bh6 35. Bxh6 Kxh6 36. Re3 Rg7 37. Qd2 Kh7 38. Qc3 Nf4 39. Kf1 Qh3+ 40. Ke1 Ng2+
41. Ke2 Nxe3 42. Qxe3 Qd7 43. Qd3+ Rg6 44. h4 Qe7+ 45. Kf1 Qe4 46. Qc3 f5 47. b4 f4 48. Qc7+ Rg7 49. Qc3 fxg3 50. fxg3 Qg4
51. Qd3+ Rg6 52. Kf2 Qe4 53. Qc3 Re6 54. Qc7+ Re7 55. Qc5 Qe2+ 56. Kg1 Rf7 57. Qc1 Qf2+ 58. Kh1 Qf1+
0-1

[Event "aston294 tour"]
[Site "SchemingMind.com"]
[Date "2009.11.09"]
[Round "-"]
[White "Schaakmaatje"]
[Black "Erik Johnson"]
[Result "1-0"]
[WhiteCountry "NED"]
[BlackCountry "USA"]
[WhiteElo "1736"]
[WhiteRD "50"]
[BlackElo "1632"]
[BlackRD "72"]
[GameID "225353"]

1. d4 Nf6 2. Bg5 e6 3. e4 Be7 4. Nc3 Nc6 5. Nf3 O-O 6. Qd2 h6 7. Be3 d5 8. e5 Nh7 9. Bd3 Ng5 10. Nxg5 Bxg5
11. Bxg5 Qxg5 12. f4 Qe7 13. Ne2 Qb4 14. c3 Qe7 15. O-O f5 16. a3 Na5 17. Rf3 Nb3 18. Qd1 Nxa1 19. Qxa1 g5 20. fxg5 hxg5
21. Qc1 g4 22. Rg3 Rf7 23. Nf4 Rg7 24. Nh5 Rg6 25. Nf6+ Kf7 26. Qf4 Bd7 27. Nxg4 Rag8 28. Nh6+ Ke8 29. Nxg8 Qf7 30. Rxg6 Qxg6
31. Nf6+ Ke7 32. h4 Be8 33. h5
1-0

[Event "aston294 tour"]
[Site "SchemingMind.com"]
[Date "2009.11.09"]
[Round "-"]
[White "rampichino"]
[Black "Manfred Kraut"]
[Result "1-0"]
[WhiteCountry "ITA"]
[BlackCountry "GER"]
[WhiteElo "1479"]
[WhiteRD "76"]
[BlackElo "1352"]
[BlackRD "69"]
[GameID "225357"]

1. e4 c5 2. c3 d5 3. exd5 Qxd5 4. d4 g6 5. Nf3 Bg7 6. Bb5+ Bd7 7. Bxd7+ Nxd7 8. O-O Ngf6 9. dxc5 Nxc5 10. Bg5 O-O
11. Na3 Qf5 12. Qc2 Qxc2 13. Nxc2 Rfe8 14. Rad1 Nce4 15. Bxf6 Bxf6 16. Rd7 b6 17. Rfd1 e6 18. Nfd4 Nc5 19. Rc7 a5 20. f3 a4
21. Nb4 a3 22. b3 e5 23. Ndc6 e4 24. Nd5 Bd8 25. Nxd8 Raxd8 26. Nf6+ Kg7 27. Nxe8+ Rxe8 28. Re1 Nd3 29. Rxe4 Rxe4 30. fxe4 Nc1
31. e5 Kf8 32. Rb7 Nxa2 33. Ra7 Nxc3 34. Rxa3 Ne2+ 35. Kf2 Nd4 36. Ra6 Nxb3 37. Rxb6 Nc5 38. h4 Kg7 39. Rc6 Ne4+ 40. Kf3 Nd2+
41. Ke3 Nb3 42. Rc7 Kf8 43. Kf4 Nd4 44. Ke4 Ne6 45. Rc8+ Ke7 46. Rh8 h5 47. g3 Nc5+ 48. Kd5 Ne6 49. Rb8 f6 50. Rb7+
1-0

[Event "aston294 tour"]
[Site "SchemingMind.com"]
[Date "2009.11.09"]
[Round "-"]
[White "simon_w"]
[Black "Clive Everill"]
[Result "1-0"]
[WhiteCountry "IRL"]
[BlackCountry "CZE"]
[WhiteElo "1901"]
[WhiteRD "70"]
[BlackElo "1669"]
[BlackRD "49"]
[GameID "225358"]

1. e4 e5 2. Nf3 Nc6 3. Bc4 Nd4 4. Nxd4 exd4 5. d3 h6 6. Nd2 c5 7. Nf3 d6 8. h3 Nf6 9. Bd2 Be7 10. O-O O-O
11. Re1 Be6 12. Bxe6 fxe6 13. e5 dxe5 14. Nxe5 Nd5 15. Qg4 Rf6 16. Re4 Qc7 17. Rae1 Re8 18. Ng6 Bd6 19. Rxe6 Rfxe6 20. Rxe6 Bh2+
21. Kf1 Ne3+ 22. Bxe3 Rxe6 23. Qxe6+ Kh7 24. Ne7 Qd8 25. Qe4+ Kh8 26. Ng6+ Kg8 27. Bf4 Bxf4 28. Nxf4 b6 29. Qd5+ Qxd5 30. Nxd5 Kf7
31. c4 Ke6 32. f4 b5 33. Ke2 b4 34. g4 g6 35. Kf3 a5 36. b3 Kd6 37. Ke4 Ke6 38. h4 Kd6 39. f5 gxf5+ 40. gxf5 h5
41. Nf4
1-0

[Event "aston294 tour"]
[Site "SchemingMind.com"]
[Date "2009.11.09"]
[Round "-"]
[White "Erik Johnson"]
[Black "Schaakmaatje"]
[Result "0-1"]
[WhiteCountry "USA"]
[BlackCountry "NED"]
[WhiteElo "1632"]
[WhiteRD "72"]
[BlackElo "1736"]
[BlackRD "50"]
[GameID "225359"]

1. e4 c5 2. c3 e6 3. d4 d5 4. exd5 Qxd5 5. Nf3 cxd4 6. Qxd4 Nf6 7. Qxd5 Nxd5 8. Bb5+ Bd7 9. Bxd7+ Nxd7 10. O-O Bc5
11. Bd2 O-O 12. Re1 N7f6 13. c4 Nb4 14. Bxb4 Bxb4 15. Rd1 Rfd8 16. Rxd8+ Rxd8 17. Nc3 Bxc3 18. bxc3 Ne4 19. Rc1 Rd3 20. Ne5 Rxc3
21. Rxc3 Nxc3 22. a3 f6 23. Nd7 Na4 24. Kf1 Kf7 25. c5 Ke7 26. c6 bxc6 27. Nb8 Kd6 28. Na6 c5 29. Ke2 Kc6 30. Kd3 Kb7
0-1

[Event "aston294 tour"]
[Site "SchemingMind.com"]
[Date "2009.11.24"]
[Round "-"]
[White "spoke"]
[Black "memet"]
[Result "1-0"]
[WhiteCountry "GER"]
[BlackCountry "TUR"]
[WhiteElo "1776"]
[WhiteRD "57"]
[BlackElo "1560"]
[BlackRD "67"]
[GameID "228015"]

1. e4 e5 2. Nf3 Nc6 3. Bc4 Nf6 4. Ng5 d5 5. exd5 Na5 6. Bb5+ c6 7. dxc6 bxc6 8. Qf3 Bb7 9. Ba4 Bc5 10. a3 h6
11. b4 Qd4 12. c3 Qh4 13. bxa5 Qxa4 14. Nh3 O-O 15. O-O Bd6 16. d3 Qxa5 17. Bxh6 Qd5 18. Qxd5 cxd5 19. Be3 Ng4 20. Nd2 e4
21. Bf4 Bxf4 22. Nxf4 Rfe8 23. dxe4 dxe4 24. h3 Ne5 25. Rfe1 Nd3 26. Nxd3 exd3 27. Kf1= Rec8 28. c4 Ba6 29. Rac1 Rab8 30. Re7 Rb2
31. Rxa7 Rxd2 32. Rxa6 Rc2 33. Rd1 Rd8 34. Ra5 Re2 35. Rxd3 Rde8 36. Re3 R2xe3 37. fxe3 Rxe3 38. Kf2 Rc3 39. c5 Kf8 40. a4 Ke7
41. Ra7+ Kf6 42. Ra6+ Kf5 43. c6 Kf4 44. Ra7 Rc2+ 45. Ke1 Ke3 46. Re7+ Kd3 47. c7 Rc1+ 48. Kf2 f5 49. Rxg7 f4 50. a5 Ke4
51. a6 Rc2+ 52. Ke1 Ke3 53. Re7+ Kd3 54. a7 Rc1+ 55. Kf2 Rc2+ 56. Kf3
1-0